书目信息 |
| 题名: |
盖苏珊应用语言学自选集=Selected works of susan gass on applied
|
|
| 作者: | 盖苏珊 著 | |
| 分册: | ||
| 出版信息: | 北京 外语教学与研究出版社 2009.03 |
|
| 页数: | ||
| 开本: | ||
| 丛书名: | ||
| 单 册: | ||
| 中图分类: | H083 | |
| 科图分类: | ||
| 主题词: | 应用语言学 | |
| 电子资源: | ||
| ISBN: | 7-5600-8209-2 | |
| 000 | 00656nam0 2200181 450 | |
| 001 | 2256348968 | |
| 005 | 20220929154304.64 | |
| 010 | @a7-5600-8209-2@dCNY72.90 | |
| 100 | @a20220929d2009 km y0chiy0120 ea | |
| 101 | 0 | @achi |
| 102 | @aCN@b110000 | |
| 200 | 1 | @a盖苏珊应用语言学自选集=Selected works of susan gass on applied@AGai Su Shan Ying Yong Yu Yan Xue Zi Xuan Ji=Selected works of susan gass on applied@f(美) 盖苏珊著@F(Mei)Gai Su Shan Zhu |
| 210 | @a北京@c外语教学与研究出版社@d2009.03 | |
| 606 | 0 | @a应用语言学 |
| 690 | @aH083@v4 | |
| 701 | 0 | @a盖苏珊@AGai Su Shan@4著 |
| 801 | 0 | @aCN@b大连网信软件有限公司图书馆·11@c20220929 |
| 905 | @aZUCC@dH083@eW12 | |
| 盖苏珊应用语言学自选集=Selected works of susan gass on applied/(美) 盖苏珊著.-北京:外语教学与研究出版社,2009.03 |
| ISBN 7-5600-8209-2:CNY72.90 |
| ● |
| 相关链接 |
|
|
|
|
正题名:盖苏珊应用语言学自选集=Selected works of susan gass on applied
索取号:H083/W12
 
预约/预借
| 序号 | 登录号 | 条形码 | 馆藏地/架位号 | 状态 | 备注 |
| 1 | 1057171 | 210571718 | 密集书库-文学院/ [索取号:H083/W12] | 在馆 |